| 000 | 00365nam a22001217a 4500 | ||
|---|---|---|---|
| 082 | _a200 THE | ||
| 100 |
_aUmar Ali _972646 |
||
| 245 | _aTH-SOF-0812-MEDIUM AZZESS ALGORITHM FOR TACTICAL NETWORKS | ||
| 260 |
_aISLAMABAD _bNUST COLLEGE OF EME _c2013 |
||
| 650 |
_aMS-COMPUTER ENGINEERING-65 MSTHESIS _970198 |
||
| 700 | _aSUPERVISOR Dr Shoab Ahmad Khan | ||
| 942 | _cCF | ||
| 999 |
_c578646 _d578646 |
||